| 000 | 00812cam a2200241 a 4500 | ||
|---|---|---|---|
| 001 | 000018665 | ||
| 005 | 20200929165834.0 | ||
| 008 | 781103s1965 nyu 000 f eng d | ||
| 040 |
_aDO-SdBNP _beng _cLC _dBNPHU |
||
| 082 |
_a813.3 _bH859r |
||
| 100 | 1 |
_aHowells, William Dean, _d1837-1920. _940318 |
|
| 245 | 1 | 4 |
_aThe rise of Silas Lapham / _cWilliam Dean Howells ; introducción Everett Cartery. |
| 260 |
_aNew York : _bHarper & Row, _c1965. |
||
| 300 |
_axvii, 333 p. ; _c19 cm. |
||
| 490 | 1 | _aA Perenial Classic | |
| 504 | _aBibliografías: p. xv-xvii. | ||
| 650 | 4 |
_aNovela estadounidense _9262 |
|
| 650 | 4 |
_aLiteratura estadounidense _ySIGLO XIX _912793 |
|
| 700 | 1 |
_aCartery, Everett, _eintrod. _940319 |
|
| 830 | 0 |
_aA Perenial Classic _940320 |
|
| 910 | _aCatalogación derivada / LC | ||
| 049 | _aBNGR | ||
| 999 |
_c18185 _d18185 |
||